000 00574nam a2200217Ia 4500
008 101110s9999 xx 000 0 und d
041 _aENGLISH
082 _bSR32444
100 _aVaz Michael
245 _aPrinciples of management & finance S.Y.B.Com
260 _c2009
_bManan Prakashan,Mumbai
300 _a330
365 _b110
520 _aCommerce
546 _aENGLISH
630 _aPrinciples of management & finance S.Y.B.Com
650 _aCommerce
655 _aCommerce
730 _aPrinciples of management & finance S.Y.B.Com
942 _cBOOK
999 _c824946
_d824943